| 000 | 01102cam a2200301 a 4500 | ||
|---|---|---|---|
| 001 | 2483 | ||
| 005 | 20231212144147.0 | ||
| 020 | _a0689839170 | ||
| 020 | _a9780545078986 | ||
| 040 |
_aAPR _cAPR _dLEO _dDLC |
||
| 050 | 0 | 0 |
_aPZ7.C59118 _bJaj 2001 |
| 082 | 0 | 0 |
_a813 _222 |
| 100 | 1 |
_aClements, Andrew _d1949-2019 _eauthor |
|
| 245 | 1 | 0 |
_aJake Drake, bully buster / _cAndrew Clements ; cover illustration by Maria Frazee; interior illustrations by Jy Pedersen |
| 250 | _aFirst Scholastic printing, September 2008 | ||
| 260 |
_aNew York : _bScholastic, _c2001 |
||
| 300 |
_a73 pages : _billustrations ; _c22 cm |
||
| 505 | _aM | ||
| 520 | _aFourth-grader Jake Drake relates how he comes to terms with SuperBully Link Baxter, especially after they are assigned to be partners on a class project. | ||
| 521 |
_a630 _bLexile |
||
| 521 |
_aM _bRaz-Plus |
||
| 650 | 1 |
_aBullies and bullying _vFiction. |
|
| 650 | 1 |
_aInterpersonal relations _vFiction. |
|
| 650 | 1 |
_aSchools _vFiction. |
|
| 700 | 1 |
_aPedersen, Janet _eillustrator |
|
| 906 |
_a7 _bcbc _ccopycat _d2 _encip _f20 _gy-gencatlg |
||
| 942 |
_2ddc _cBK _n0 |
||
| 999 |
_c2483 _d2483 |
||